000 00301nam a22001337a 4500
008 170531b xxu||||| |||| 00| 0 eng d
020 _a9780205841066
041 _aeng
080 _214
_a94(7/8)
100 _a17
101 _aSHH
245 _aTHE AMERICAN NATIONS
_cCARNES.M.C
942 _2udc
_cBK
999 _c15124
_d15124